Bilecik Bilecik Bilecik Bilecik Bilecik

Politics and governance in the Ottoman Empire : (Record no. 66382)

MARC details
000 -BAŞLIK
Sabit Uzunluktaki Kontrol Alanı 01852nam a22003977a 4500
001 - KONTROL NUMARASI
Control Dosyası 0065999
003 - KONTROL NUMARASI KİMLİĞİ
Kontrol Alanı KOHA_MİRAKIL
005 - EN SON İŞLEM TARİHİ ve ZAMANI
Kontrol Alanı 20260207004624.0
007 - FİZİKSEL TANIM SABİT ALAN - GENEL BİLGİ
Sabit uzunluklu kontrol alanı ta
008 - SABİT UZUNLUKTAKİ VERİ ÖGELERİ - GENEL BİLGİ
Sabit Alan 210304b2009 tu a|||gr||||#0|||0|eng |
040 ## - KATALOGLAMA KAYNAĞI
Özgün Kataloglama Kurumu TR-BiSEU
Kataloglama Dili tur
Çeviri Kurumu TR-BiSEU
Açıklama Kuralları rda
041 0# - DİL KODU
Metin ya da ses kaydının dil kodu eng
-- ota
044 ## - YAYINLAYAN/ÜRETEN KURULUŞUN ÜLKE KODU
ISO country code tu
050 ## - SINIFLAMA ve YER NUMARASI
Sınıflama Numarası DR542
Yer Numarası .K37 2009
100 1# - KİŞİ ADI
Yazar Adı (Kişi adı) Karahasanoğlu, Selim.
245 1# - ESER ADI BİLDİRİMİ
Başlık Politics and governance in the Ottoman Empire :
Alt Eseradı vb. the rebellion of 1730 :
-- an account of the revolution that took place in Constantinople in the year 1143 of the HegiraVâki'a takrîri binyüzkırküç'de terkîb olunmuşdur/
Sorumluluk Bildirimi Selim Karahasanoğlu ; Selim Karahasanoğlu; edited by Cemal Kafadar, Gönül Alpay Tekin.
264 #1 - ÜRERİM, YAYIN, DAĞITIM ve TELİF BİLDİRİMİ
Yayın yeri [Cambridge, Mass.] :
Yayınlayan The Department of Near Eastern Languages and Literatures Harvard University
Yayın tarihi 2009
300 ## - FİZİKSEL TANIMLAMA
Sayfa, Cilt vb. 215 sayfa :
Diğer fiziki detaylar tıpkıbasım; 28 cm.
336 ## - İÇERİK TÜRÜ
Content type term metin
Content type code txt
Source rdacontent
337 ## - MEDYA TÜRÜ
Media type term aracısız
Media type code n
Source rdamedia
338 ## - TAŞIYICI TÜRÜ
Carrier type term cilt
Carrier type code nc
Source rdacarrier
490 1# - DİZİ BİLDİRİMİ
Dizi Bildirimi Doğu dilleri ve edebiyatlarının kaynakları ;
Cilt Numarası 94.
490 1# - DİZİ BİLDİRİMİ
Dizi Bildirimi Türkçe kaynaklar ;
Cilt Numarası 84 =
Dizi Bildirimi Sources of Oriental languages and literatures ;
Cilt Numarası 94.
490 1# - DİZİ BİLDİRİMİ
Dizi Bildirimi Turkish sources ;
Cilt Numarası 84
500 ## - GENEL NOT
Genel Not Includes index.
500 ## - GENEL NOT
Genel Not In English; facsimiles in Ottoman Turkish (Arabic and roman script); facsimiles in French.
650 #0 - KONU BAŞLIĞI EK GİRİŞ - KONU TERİMİ
Konusal terim veya coğrafi ad Patrona Halil, d.1730.
9 (RLIN) 124315
650 #0 - KONU BAŞLIĞI EK GİRİŞ - KONU TERİMİ
Konusal terim veya coğrafi ad Turkey--History--Ahmed III, 1703-1730--Sources.
9 (RLIN) 124316
650 #0 - KONU BAŞLIĞI EK GİRİŞ - KONU TERİMİ
Konusal terim veya coğrafi ad Turkey--History--1683-1823--Sources.
9 (RLIN) 124317
650 #0 - KONU BAŞLIĞI EK GİRİŞ - KONU TERİMİ
Konusal terim veya coğrafi ad Turkey--History--Rebellion, 1730.
9 (RLIN) 124318
830 1# - SERİ EK GİRİŞİ - TEKBİÇİM ESER ADI
Tekbiçim Başlık Doğu dilleri ve edebiyatlarının kaynakları ;
Volume number/sequential designation 94.
9 (RLIN) 85097
830 1# - SERİ EK GİRİŞİ - TEKBİÇİM ESER ADI
Tekbiçim Başlık Türkçe kaynaklar ;
Volume number/sequential designation 84 =
Tekbiçim Başlık Sources of Oriental languages and literatures ;
Volume number/sequential designation 94.
9 (RLIN) 124189
830 1# - SERİ EK GİRİŞİ - TEKBİÇİM ESER ADI
Tekbiçim Başlık Turkish sources ;
Volume number/sequential designation 84
9 (RLIN) 124190
907 ## - LOCAL DATA ELEMENT G, LDG (RLIN)
a Tarih
942 ## - EK GİRİŞ ÖGELERİ (KOHA)
Source of classification or shelving scheme Library of Congress Classification
Koha item type Book
Holdings
Materyal Türü Kalıcı Konum Mevcut Konum Raf Yeri Sınıflandırma Kaynağı Edinim Bilgisi Ana Konular Alt Konular Yer Numarası Demirbaş Numarası Fatura Tarihi Geri Çekilme Durumu Kayıp Durumu Hasarlı Durumu Kredi için değil Kayıt Tarih Toplam Ödünçverme Son Görülme Tarihi Son Kontrol Tarihi Genel / Bağış Notu
Book Prof. Dr. Azmi Özcan Kütüphanesi Prof. Dr. Azmi Özcan Kütüphanesi Uluğbey Salonu Library of Congress Classification Bağış DÜNYA TARİHİ (AVRUPA, ASYA, AFRİKA VB.) Balkan Yarımadası DR542 .K37 2009 0065999 02/02/2026         04/03/2021   05/03/2025 05/03/2025 Millet Kütüphanesi [Cumhurbaşkanlığı Külliyesi]